Michael Tammaro studet study guide Physics : (Record no. 180407)
[ view plain ]
| 000 -LEADER | |
|---|---|
| fixed length control field | 00502 a2200193 4500 |
| 003 - CONTROL NUMBER IDENTIFIER | |
| control field | Nust |
| 005 - DATE AND TIME OF LATEST TRANSACTION | |
| control field | 20230401120620.0 |
| 020 ## - INTERNATIONAL STANDARD BOOK NUMBER | |
| International Standard Book Number | 981412642X |
| 040 ## - CATALOGING SOURCE | |
| Transcribing agency | Nust |
| 082 ## - DEWEY DECIMAL CLASSIFICATION NUMBER | |
| Classification number | 530,HAL |
| 100 ## - MAIN ENTRY--PERSONAL NAME | |
| Personal name | Halliday, David |
| 9 (RLIN) | 5033 |
| 245 ## - TITLE STATEMENT | |
| Title | Michael Tammaro studet study guide Physics : |
| Remainder of title | Volumes 1 & 2 / |
| Statement of responsibility, etc. | David Halliday, Robert Resnick and Kenneth Krane |
| 250 ## - EDITION STATEMENT | |
| Edition statement | 5th ed. |
| 260 ## - PUBLICATION, DISTRIBUTION, ETC. | |
| Place of publication, distribution, etc. | New York |
| Name of publisher, distributor, etc. | Wiley |
| Date of publication, distribution, etc. | 2002 |
| 300 ## - PHYSICAL DESCRIPTION | |
| Extent | 285 p. |
| 440 ## - SERIES STATEMENT/ADDED ENTRY--TITLE | |
| Volume/sequential designation | Vol. 1 & 2 |
| 650 ## - SUBJECT ADDED ENTRY--TOPICAL TERM | |
| Topical term or geographic name entry element | Physics |
| 942 ## - ADDED ENTRY ELEMENTS (KOHA) | |
| Source of classification or shelving scheme | |
| Koha item type | Book |
| Withdrawn status | Lost status | Source of classification or shelving scheme | Damaged status | Not for loan | Permanent Location | Current Location | Shelving location | Date acquired | Total Checkouts | Full call number | Barcode | Date last seen | Price effective from | Koha item type | Public note |
|---|---|---|---|---|---|---|---|---|---|---|---|---|---|---|---|
| Military College of Signals (MCS) | Military College of Signals (MCS) | General Stacks | 04/01/2023 | 530,HAL | MCS31036 | 04/01/2023 | 04/01/2023 | Book | Almirah No.15, Shelf No.3 |
